| 000 | 00568nam a22002057a 4500 | ||
|---|---|---|---|
| 005 | 20260515114946.0 | ||
| 008 | 230824b ||||| |||| 00| 0 eng d | ||
| 020 | _a9789389491869 | ||
| 040 |
_aIN-DiNC _cIN-DiNC |
||
| 041 | _deng | ||
| 082 |
_a613 _bISL |
||
| 100 |
_aIslam, Mofidul _eauthor |
||
| 245 |
_aHealth and wellness/ _cby Mofidul Islam and Biplab Kumar Das |
||
| 250 | _a1st imp. | ||
| 260 |
_aGuwahati: _bAshok publication, _c2023. |
||
| 300 | _a112p. | ||
| 650 | _aMind, body and well being | ||
| 700 |
_aDas, Biplab Kumar _eauthor |
||
| 942 |
_2ddc _cBK |
||
| 999 |
_c11571 _d11571 |
||